000
00278nam a22001217a 4500
008
181102b xxu||||| |||| 00| 0 eng d
041
_a
eng
080
_a
159.9
100
_a
49
101
_a
PSI
245
_a
Basic Readings in Neuropsychology
_c
Isaacson, R.L
942
_2
udc
_c
BK
999
_c
51612
_d
51612